000 00981nam a22002177a 4500
003 JO-AjAnu
005 20231129121720.0
008 231129b jo ||||| |||| 00| 0 ara d
020 _a9789923430019
040 _aJO-AjAnu
_bARA
_cJO-AjAnu
_dJO-AjAnu
041 0 _aARA
_hARA
050 _aHF5718
_b2022
100 1 _aالعتيبي، ضرار عبدالحميد التوم
_964543
_eمؤلف
245 0 _aمهارات الاتصال = COMMUNICATION SKILLS /
_cضرار عبدالحميد التوم العتيبي
250 _aالطبعة الاولى
260 _aعمان :
_bدار اليازوري العلمية للنشر والتوزيع،
_c2022
300 _a245 صفحة
500 _aيحتوي على قائمة مراجع
650 4 0 _aالاتصالات-مهارات الاتصال-العمليات الادارية-الادارة
_964545
_vالاتصالات-مهارات الاتصال-العمليات الادارية-الادارة
942 _2lcc
_cBK
_n0
999 _c33196
_d33196